000 005250000a22001690004500
003 MACL
005 20160320153738.0
008 160320b xxu||||| |||| 00| 0 eng d
040 _aMACL
_cMACL
041 _aHindi
082 _a080
100 _aर्इ प्रेमलाल सिंह
_947841
245 _aशांति के मसीहा सीमान्‍त गांधी
260 _aदिल्‍ली
_bरा‍ही प्रकाशन
_c2011
350 _a300
942 _cHIN
_k080
_2ddc
999 _c48018
_d48018